Prose writings from north east India / (Record no. 181865)
[ view plain ]
| 000 -LEADER | |
|---|---|
| fixed length control field | 00538nam a22001697a 4500 |
| 005 - DATE AND TIME OF LATEST TRANSACTION | |
| control field | 20211007143353.0 |
| 010 ## - LCCN (DPL NO) | |
| LC control number | EN230921 |
| 020 ## - INTERNATIONAL STANDARD BOOK NUMBER | |
| International Standard Book Number | 9788195021741 |
| Terms of availability | 190.00 |
| 037 ## - SOURCE OF ACQUISITION | |
| Source of stock number/acquisition | Sahitya Akademi |
| 245 ## - TITLE STATEMENT | |
| Title | Prose writings from north east India / |
| Statement of responsibility, etc | edited by Malsawmi Jacob [and] Jaydeep Sarangi |
| 260 ## - PUBLICATION, DISTRIBUTION, ETC. (IMPRINT) | |
| Place of publication, distribution, etc | New Delhi |
| Name of publisher, distributor, etc | Sahitya Akademi |
| Date of publication, distribution, etc | 2021 |
| 270 ## - ADDRESS | |
| Address | Rabindra Bhavan, 35 Ferozshah Road |
| City | New Delhi |
| Postal code | 110001 |
| 300 ## - PHYSICAL DESCRIPTION | |
| Extent | xiii, 154p. |
| Dimensions | 22cm(pbk) |
| 700 ## - ADDED ENTRY--PERSONAL NAME | |
| Personal name | Jacob, Malsawmi |
| 700 ## - ADDED ENTRY--PERSONAL NAME | |
| Personal name | Sarangi, Jaydeep |
| 942 ## - ADDED ENTRY ELEMENTS (KOHA) | |
| Source of classification or shelving scheme | Dewey Decimal Classification |
| Item type | English Books |
| Call number suffix | PRO |
No items available.
